[Event "Minsk Kupreichik Memorial"]
[Site "Minsk"]
[Date "2018.06.22"]
[Round "7"]
[White "Zhidkov, Valery S"]
[Black "Oblamski, Vladimir"]
[Result "1/2-1/2"]
[WhiteElo "2314"]
[BlackElo "2083"]
[PlyCount "36"]
[EventDate "2018.06.21"]
[EventType "tourn (rapid)"]
[EventRounds "13"]
[EventCountry "BLR"]
[EventCategory "7"]
[SourceTitle "CBM 185 Extra"]
[Source "ChessBase"]
[SourceDate "2018.07.29"]
[SourceVersion "1"]
[SourceVersionDate "2018.07.29"]
[SourceQuality "1"]

1. Nf3 d5 2. g3 Nf6 3. Bg2 e6 4. 0-0 Be7 5. c4 d4 6. b4 0-0 7. a3 a5 8. Bb2 c5 9. b5 Nbd7 10. e3 e5 11. exd4 exd4 12. d3 Rb8 13. Bc1 Bd6 14. Nbd2 Ne5 15. Nxe5 Bxe5 16. Nf3 Bd6 17. Re1 h6 18. h3 Re8 1/2-1/2

[Event "Moscow IM-B 06"]
[Site "Moscow"]
[Date "2011.07.12"]
[Round "8"]
[White "Zhidkov, Valery S"]
[Black "Gordievsky, Dmitry"]
[Result "1/2-1/2"]
[WhiteElo "2327"]
[BlackElo "2267"]
[PlyCount "39"]
[EventDate "2011.06.30"]
[EventType "tourn"]
[EventRounds "9"]
[EventCountry "RUS"]
[SourceTitle "EXT 2013"]
[Source "ChessBase"]
[SourceDate "2012.11.22"]
[SourceVersion "1"]
[SourceVersionDate "2012.11.22"]
[SourceQuality "1"]

1. Nf3 d6 2. d4 f5 3. g3 Nf6 4. Bg2 g6 5. b3 Bg7 6. Bb2 0-0 7. Nbd2 Qe8 8. c4 a5 9. a3 c6 10. Qc2 Na6 11. 0-0 h6 12. Rfe1 g5 13. e4 fxe4 14. Nxe4 Qg6 15. Nxf6+ Qxf6 16. Bc3 Bf5 17. Qb2 Nc5 18. Ne5 Na6 19. Nf3 Nc5 20. Ne5 1/2-1/2

[Event "Moscow op-A"]
[Site "Moscow"]
[Date "2009.02.06"]
[Round "7"]
[White "Zhidkov, Valery S"]
[Black "Guseinov, Elmir"]
[Result "0-1"]
[WhiteElo "2341"]
[BlackElo "2439"]
[PlyCount "28"]
[EventDate "2009.01.31"]
[EventType "swiss"]
[EventRounds "9"]
[EventCountry "RUS"]
[SourceTitle "EXT 2023"]
[Source "ChessBase"]
[SourceDate "2022.10.05"]
[SourceVersion "1"]
[SourceVersionDate "2022.10.05"]
[SourceQuality "1"]

1. Nf3 c5 2. c4 b6 3. g3 Bb7 4. Bg2 Nf6 5. 0-0 e6 6. b3 Be7 7. Bb2 0-0 8. d4 d5 9. cxd5 exd5 10. Ne5 Nc6 11. e3 Re8 12. Nd2 Rc8 13. Rc1 Bd6 14. Ndf3 Ne7 0-1

[Event "Petrovskaya Ladya GM-A"]
[Site "Peterhof"]
[Date "2008.08.17"]
[Round "9"]
[White "Zhidkov, Valery S"]
[Black "Gorovykh, Eduard"]
[Result "1/2-1/2"]
[WhiteElo "2346"]
[BlackElo "2380"]
[PlyCount "21"]
[EventDate "2008.08.12"]
[EventType "tourn"]
[EventRounds "11"]
[EventCountry "RUS"]
[EventCategory "7"]
[SourceTitle "CBM 125 Extra"]
[Source "ChessBase"]
[SourceDate "2008.09.01"]
[SourceVersion "1"]
[SourceVersionDate "2008.09.01"]
[SourceQuality "1"]

1. d4 Nf6 2. Nf3 g6 3. g3 Bg7 4. Bg2 d6 5. b3 0-0 6. Bb2 Nbd7 7. Nbd2 c5 8. c4 a6 9. 0-0 Rb8 10. dxc5 Nxc5 11. Nd4 1/2-1/2

[Event "Peterhof op"]
[Site "Peterhof"]
[Date "2008.08.10"]
[Round "9"]
[White "Zhidkov, Valery S"]
[Black "Mandrikov, Sergey"]
[Result "1-0"]
[WhiteElo "2346"]
[BlackElo "2057"]
[PlyCount "57"]
[EventDate "2008.08.02"]
[EventType "swiss"]
[EventRounds "9"]
[EventCountry "RUS"]
[SourceTitle "CBM 125 Extra"]
[Source "ChessBase"]
[SourceDate "2008.09.01"]
[SourceVersion "1"]
[SourceVersionDate "2008.09.01"]
[SourceQuality "1"]

1. Nf3 Nf6 2. g3 g6 3. Bg2 Bg7 4. d4 d6 5. 0-0 0-0 6. a4 c6 7. a5 Qc7 8. Nc3 e5 9. e4 Re8 10. h3 Nbd7 11. Re1 Rb8 12. Be3 b5 13. axb6 axb6 14. Qd2 b5 15. dxe5 dxe5 16. Bh6 b4 17. Na4 Bxh6 18. Qxh6 Ba6 19. b3 Bb5 20. Nb2 c5 21. Bf1 Bxf1 22. Kxf1 Nb6 23. Kg2 c4 24. bxc4 Nxc4 25. Nxc4 Qxc4 26. Ng5 Qxc2 27. Ra6 Re6 28. Nxe6 fxe6 29. Ra7 1-0

[Event "Peterhof op"]
[Site "Peterhof"]
[Date "2008.08.08"]
[Round "7"]
[White "Zhidkov, Valery S"]
[Black "Burshanov, Mikhail"]
[Result "1-0"]
[WhiteElo "2346"]
[BlackElo "1939"]
[PlyCount "47"]
[EventDate "2008.08.02"]
[EventType "swiss"]
[EventRounds "9"]
[EventCountry "RUS"]
[SourceTitle "CBM 125 Extra"]
[Source "ChessBase"]
[SourceDate "2008.09.01"]
[SourceVersion "1"]
[SourceVersionDate "2008.09.01"]
[SourceQuality "1"]

1. d4 Nf6 2. Nf3 d5 3. c4 e6 4. Nc3 c6 5. e3 Bd6 6. Qc2 Nbd7 7. Bd2 a6 8. e4 dxe4 9. Nxe4 Nxe4 10. Qxe4 Nf6 11. Qh4 c5 12. Bd3 cxd4 13. 0-0 0-0 14. Bg5 h6 15. Bxh6 gxh6 16. Qxh6 Re8 17. Ng5 Bxh2+ 18. Qxh2 Kf8 19. Qh4 b6 20. Rae1 Bb7 21. Qh6+ Ke7 22. Rxe6+ fxe6 23. Qg7+ Kd6 24. Nf7+ 1-0

[Event "Peterhof op"]
[Site "Peterhof"]
[Date "2008.08.02"]
[Round "1"]
[White "Kamasheva, Elvira"]
[Black "Zhidkov, Valery S"]
[Result "0-1"]
[WhiteElo "1973"]
[BlackElo "2346"]
[PlyCount "62"]
[EventDate "2008.08.02"]
[EventType "swiss"]
[EventRounds "9"]
[EventCountry "RUS"]
[SourceTitle "CBM 125 Extra"]
[Source "ChessBase"]
[SourceDate "2008.09.01"]
[SourceVersion "1"]
[SourceVersionDate "2008.09.01"]
[SourceQuality "1"]

1. e4 e5 2. Nf3 Nc6 3. Bb5 a6 4. Ba4 Nf6 5. 0-0 Be7 6. d3 b5 7. Bb3 d6 8. c3 0-0 9. Nbd2 Na5 10. Bc2 c5 11. Re1 Re8 12. Nf1 h6 13. h3 Bf8 14. Ng3 g6 15. d4 Qc7 16. dxe5 dxe5 17. b3 Be6 18. Be3 Nc6 19. Qe2 Red8 20. Rad1 Qa5 21. Bb1 Rxd1 22. Rxd1 Qxc3 23. Bd2 Qb2 24. Qe3 Rd8 25. Kh2 Qa3 26. Bc1 Qa5 27. Rxd8 Qxd8 28. Qc3 Nd7 29. Bd3 Nd4 30. Nxd4 exd4 31. Qd2 Ne5 0-1

[Event "Moscow"]
[Site "Moscow"]
[Date "2008.05.19"]
[Round "10"]
[White "Zhidkov, Valery S"]
[Black "Kuznetsov, Mikhail V"]
[Result "1/2-1/2"]
[WhiteElo "2351"]
[BlackElo "2203"]
[PlyCount "38"]
[EventDate "2008.05.10"]
[EventType "tourn"]
[EventRounds "11"]
[EventCountry "RUS"]
[EventCategory "3"]
[SourceTitle "CBM 124 Extra"]
[Source "ChessBase"]
[SourceDate "2008.07.03"]
[SourceVersion "1"]
[SourceVersionDate "2008.07.03"]
[SourceQuality "1"]

1. d4 d5 2. c4 c6 3. cxd5 cxd5 4. Nc3 Nf6 5. Nf3 Nc6 6. Bf4 e6 7. e3 Bd6 8. Bxd6 Qxd6 9. Bd3 0-0 10. 0-0 Bd7 11. Rc1 a6 12. Qe2 Rac8 13. Rfd1 Rc7 14. e4 dxe4 15. Nxe4 Nxe4 16. Qxe4 g6 17. a3 Rfc8 18. Rc2 Ne7 19. Rxc7 Rxc7 1/2-1/2

[Event "Moscow"]
[Site "Moscow"]
[Date "2008.05.17"]
[Round "8"]
[White "Zhidkov, Valery S"]
[Black "Kozlov, Gennady"]
[Result "1/2-1/2"]
[WhiteElo "2351"]
[BlackElo "2246"]
[PlyCount "42"]
[EventDate "2008.05.10"]
[EventType "tourn"]
[EventRounds "11"]
[EventCountry "RUS"]
[EventCategory "3"]
[SourceTitle "CBM 124 Extra"]
[Source "ChessBase"]
[SourceDate "2008.07.03"]
[SourceVersion "1"]
[SourceVersionDate "2008.07.03"]
[SourceQuality "1"]

1. Nf3 Nf6 2. g3 b6 3. Bg2 Bb7 4. 0-0 e6 5. c4 Be7 6. Nc3 0-0 7. d4 Ne4 8. Nxe4 Bxe4 9. Ne1 Bxg2 10. Nxg2 d5 11. Qa4 dxc4 12. Qxc4 c5 13. dxc5 Bxc5 14. Be3 Nd7 15. Rfd1 Qe7 16. Qa4 Rfd8 17. Rac1 Bxe3 18. Nxe3 Nc5 19. Qc2 Rxd1+ 20. Rxd1 Rd8 21. Rxd8+ Qxd8 1/2-1/2

[Event "Moscow"]
[Site "Moscow"]
[Date "2008.05.11"]
[Round "2"]
[White "Morozov, Grigory"]
[Black "Zhidkov, Valery S"]
[Result "1/2-1/2"]
[WhiteElo "2357"]
[BlackElo "2351"]
[PlyCount "68"]
[EventDate "2008.05.10"]
[EventType "tourn"]
[EventRounds "11"]
[EventCountry "RUS"]
[EventCategory "3"]
[SourceTitle "CBM 124 Extra"]
[Source "ChessBase"]
[SourceDate "2008.07.03"]
[SourceVersion "1"]
[SourceVersionDate "2008.07.03"]
[SourceQuality "1"]

1. d4 Nf6 2. c4 e6 3. Nf3 Bb4+ 4. Bd2 Qe7 5. g3 Nc6 6. Bg2 Bxd2+ 7. Nbxd2 d6 8. e4 e5 9. d5 Nb8 10. h3 a5 11. 0-0 Nbd7 12. Ne1 Nc5 13. Qe2 h5 14. Nb3 b6 15. Nxc5 bxc5 16. Nd3 h4 17. g4 g5 18. b3 Nd7 19. Qf3 Nb6 20. Rfb1 Bd7 21. Bf1 0-0 22. Ne1 Kg7 23. a3 Rfb8 24. Qc3 Qf6 25. Bd3 Nc8 26. b4 axb4 27. axb4 Rxa1 28. Qxa1 Rxb4 29. Rxb4 cxb4 30. Qb2 Nb6 31. Qxb4 Qf4 32. Qb1 Qd2 33. Kg2 Na4 34. Qc2 Qb4 1/2-1/2

[Event "Mozhaisk"]
[Site "Mozhaisk"]
[Date "2007.09.12"]
[Round "9"]
[White "Koludarov, Anatoliy"]
[Black "Zhidkov, Valery S"]
[Result "0-1"]
[WhiteElo "2224"]
[BlackElo "2353"]
[PlyCount "62"]
[EventDate "2007.09.07"]
[EventType "tourn"]
[EventRounds "11"]
[EventCountry "RUS"]
[EventCategory "2"]
[SourceTitle "EXT 2009"]
[Source "ChessBase"]
[SourceDate "2008.11.26"]
[SourceVersion "1"]
[SourceVersionDate "2008.11.26"]
[SourceQuality "1"]

1. d4 Nf6 2. Nf3 g6 3. Bg5 Bg7 4. Nbd2 d6 5. e3 0-0 6. Bd3 c5 7. c3 Nbd7 8. 0-0 b6 9. Re1 Bb7 10. e4 h6 11. Bh4 Nh5 12. Bc2 cxd4 13. cxd4 Rc8 14. Rc1 g5 15. Bg3 Nxg3 16. hxg3 b5 17. e5 dxe5 18. dxe5 e6 19. Qe2 g4 20. Qd3 Rxc2 21. Rxc2 gxf3 22. gxf3 Nxe5 23. Qxb5 Nxf3+ 24. Nxf3 Bxf3 25. Rec1 Bd5 26. f4 Qf6 27. Qd3 Qd4+ 28. Qxd4 Bxd4+ 29. Kh2 Bxa2 30. Ra1 Bd5 31. Ra4 Bb3 0-1

[Event "Mozhaisk"]
[Site "Mozhaisk"]
[Date "2007.09.08"]
[Round "3"]
[White "Zhidkov, Valery S"]
[Black "Leonidov, Vladimir"]
[Result "1/2-1/2"]
[WhiteElo "2353"]
[BlackElo "2295"]
[PlyCount "47"]
[EventDate "2007.09.07"]
[EventType "tourn"]
[EventRounds "11"]
[EventCountry "RUS"]
[EventCategory "2"]
[SourceTitle "EXT 2009"]
[Source "ChessBase"]
[SourceDate "2008.11.26"]
[SourceVersion "1"]
[SourceVersionDate "2008.11.26"]
[SourceQuality "1"]

1. d4 d5 2. Nf3 Nf6 3. c4 e6 4. Nc3 c6 5. e3 Be7 6. Qc2 0-0 7. Bd2 Nbd7 8. e4 dxe4 9. Nxe4 c5 10. Bc3 cxd4 11. Nxd4 Nxe4 12. Qxe4 Nc5 13. Qc2 e5 14. Nf5 Bf6 15. Rd1 Bxf5 16. Qxf5 Qe7 17. Be2 Rad8 18. b3 Rxd1+ 19. Bxd1 g6 20. Qf3 Bg7 21. 0-0 e4 22. Qe3 Bxc3 23. Qxc3 Nd3 24. Be2 1/2-1/2

[Event "Petrovskaya Ladya IM1"]
[Site "Peterhof"]
[Date "2007.08.11"]
[Round "10"]
[White "Kaliberda, Vladimir"]
[Black "Zhidkov, Valery S"]
[Result "1/2-1/2"]
[WhiteElo "2337"]
[BlackElo "2353"]
[PlyCount "30"]
[EventDate "2007.08.06"]
[EventType "tourn"]
[EventRounds "13"]
[EventCountry "RUS"]
[EventCategory "3"]
[SourceTitle "CBM 119 Extra"]
[Source "ChessBase"]
[SourceDate "2007.09.04"]
[SourceVersion "1"]
[SourceVersionDate "2007.09.04"]
[SourceQuality "1"]

1. d4 d5 2. c4 e6 3. Nf3 Nf6 4. Nc3 Be7 5. Bg5 Nbd7 6. cxd5 exd5 7. e3 0-0 8. Bd3 Re8 9. Qc2 c6 10. 0-0 Nf8 11. Rab1 a5 12. a3 Ne4 13. Bxe7 Qxe7 14. Bxe4 dxe4 15. Nd2 Bf5 1/2-1/2

[Event "Petrovskaya Ladya IM1"]
[Site "Peterhof"]
[Date "2007.08.10"]
[Round "9"]
[White "Zhidkov, Valery S"]
[Black "Eliseev, Alexey"]
[Result "1/2-1/2"]
[WhiteElo "2353"]
[BlackElo "2421"]
[PlyCount "30"]
[EventDate "2007.08.06"]
[EventType "tourn"]
[EventRounds "13"]
[EventCountry "RUS"]
[EventCategory "3"]
[SourceTitle "CBM 119 Extra"]
[Source "ChessBase"]
[SourceDate "2007.09.04"]
[SourceVersion "1"]
[SourceVersionDate "2007.09.04"]
[SourceQuality "1"]

1. d4 Nf6 2. c4 e6 3. Nf3 b6 4. g3 Bb7 5. Bg2 Be7 6. 0-0 0-0 7. Nc3 Ne4 8. Nxe4 Bxe4 9. Ne1 Bxg2 10. Nxg2 d5 11. Qa4 dxc4 12. Qxc4 Nd7 13. Be3 c5 14. dxc5 Bxc5 15. Bxc5 Nxc5 1/2-1/2

[Event "Petrovskaya Ladya IM1"]
[Site "Peterhof"]
[Date "2007.08.08"]
[Round "4"]
[White "Zhidkov, Valery S"]
[Black "Lilov, Valeri"]
[Result "1/2-1/2"]
[WhiteElo "2353"]
[BlackElo "2323"]
[PlyCount "22"]
[EventDate "2007.08.06"]
[EventType "tourn"]
[EventRounds "13"]
[EventCountry "RUS"]
[EventCategory "3"]
[SourceTitle "CBM 119 Extra"]
[Source "ChessBase"]
[SourceDate "2007.09.04"]
[SourceVersion "1"]
[SourceVersionDate "2007.09.04"]
[SourceQuality "1"]

1. Nf3 Nf6 2. c4 e6 3. g3 b6 4. Bg2 Bb7 5. d4 c5 6. d5 exd5 7. Nh4 d6 8. Nc3 Qd7 9. Nxd5 Nxd5 10. Bxd5 Bxd5 11. Qxd5 Qc6 1/2-1/2

[Event "Petrovskaya Ladya IM1"]
[Site "Peterhof"]
[Date "2007.08.07"]
[Round "3"]
[White "Rozum, Ivan"]
[Black "Zhidkov, Valery S"]
[Result "1-0"]
[WhiteElo "2354"]
[BlackElo "2353"]
[PlyCount "111"]
[EventDate "2007.08.06"]
[EventType "tourn"]
[EventRounds "13"]
[EventCountry "RUS"]
[EventCategory "3"]
[SourceTitle "CBM 119 Extra"]
[Source "ChessBase"]
[SourceDate "2007.09.04"]
[SourceVersion "1"]
[SourceVersionDate "2007.09.04"]
[SourceQuality "1"]

1. Nf3 Nf6 2. c4 e6 3. Nc3 Bb4 4. g4 d6 5. g5 Nfd7 6. d4 b6 7. Qb3 c5 8. Bg2 Bb7 9. 0-0 0-0 10. Rd1 Qe7 11. dxc5 Bxc5 12. Na4 Nc6 13. Nxc5 dxc5 14. Qe3 Rad8 15. b3 Nde5 16. Bb2 Nxf3+ 17. Bxf3 Qc7 18. Bxc6 Bxc6 19. Be5 Rxd1+ 20. Rxd1 Rd8 21. Rd5 Qe7 22. Rxd8+ Qxd8 23. f3 f6 24. Bxf6 gxf6 25. Qxe6+ Kg7 26. Qxc6 Qd1+ 27. Kf2 fxg5 28. Qb7+ Kg6 29. Qxa7 Qd6 30. Kg2 Qe6 31. Kg1 Qxe2 32. Qxb6+ Kh5 33. Qxc5 Qxf3 34. Qd4 Qe2 35. a4 Qe1+ 36. Kg2 Qe2+ 37. Kg3 Qe1+ 38. Qf2 Qe5+ 39. Kg2 g4 40. Qc2 Kg5 41. Qd2+ Kg6 42. Qd3+ Kg7 43. Qd7+ Kh6 44. Qd3 Kg7 45. a5 h5 46. a6 Qb2+ 47. Kg3 Qe5+ 48. Kh4 Kh6 49. Qd2+ Kg6 50. Qf2 Qe7+ 51. Kg3 Qd6+ 52. Qf4 Qd3+ 53. Kg2 Qxb3 54. Qe4+ Kg5 55. Qe5+ Kg6 56. Qe8+ 1-0

[Event "Petrovskaya Ladya IM1"]
[Site "Peterhof"]
[Date "2007.08.07"]
[Round "2"]
[White "Zhidkov, Valery S"]
[Black "Pogosian, Vladimir"]
[Result "1/2-1/2"]
[WhiteElo "2353"]
[BlackElo "2175"]
[PlyCount "128"]
[EventDate "2007.08.06"]
[EventType "tourn"]
[EventRounds "13"]
[EventCountry "RUS"]
[EventCategory "3"]
[SourceTitle "CBM 119 Extra"]
[Source "ChessBase"]
[SourceDate "2007.09.04"]
[SourceVersion "1"]
[SourceVersionDate "2007.09.04"]
[SourceQuality "1"]

1. Nf3 f5 2. b3 d6 3. d4 g6 4. Bb2 Bg7 5. Nbd2 Nf6 6. g3 a5 7. Bg2 a4 8. c4 a3 9. Bc3 c5 10. 0-0 0-0 11. Qc2 Nc6 12. Rad1 Qc7 13. d5 Nb4 14. Qb1 Bd7 15. Ne1 b5 16. Nd3 bxc4 17. Nxc4 Nbxd5 18. Bxf6 Nxf6 19. Bxa8 Rxa8 20. Qc1 Qa7 21. Nf4 Bh6 22. Qc3 Ne4 23. Qd3 Bc6 24. f3 Ng5 25. Kg2 Nf7 26. Qe3 Re8 27. Qd3 Rb8 28. Qc3 Bg7 29. Qc1 Ra8 30. Ne6 Bh6 31. Qc3 Bd7 32. Nf4 Bg7 33. Qe3 Re8 34. Qc1 Ra8 35. Nd5 Bc6 36. Qe3 Re8 37. Nb4 Bb5 38. Nc2 Bxc4 39. bxc4 Bb2 40. Qe6 Qa4 41. Ne3 Kg7 42. Rd3 Bd4 43. Rb3 Ng5 44. Qd5 Nf7 45. Rc1 Qa5 46. Rd1 Qa4 47. Rc1 Qa5 48. Qc6 Rf8 49. Rd1 Ne5 50. Qb5 Qa8 51. Nd5 Rf7 52. e3 Bb2 53. f4 Ng4 54. h3 Nf6 55. Qb7 Qf8 56. Nc7 Qg8 57. Ne6+ Kh6 58. Qa7 Ne4 59. Qb8 Qxb8 60. Rxb8 Nc3 61. Rd2 Nxa2 62. Rdxb2 axb2 63. Rxb2 Nb4 64. g4 g5 1/2-1/2